000 00750nam a2200205 a 4500
008 090415s1992 ||||||||||||||||| || u
020 _a0340568666
050 _aTK 4255 Wat
100 _aParton, Russell K
245 1 0 _aElectrical installation calculations, vol. 1. -- 5th ed.
_cA. J. Watkins, 5th ed./ prepared by Russell K. Parton
250 _a5th ed.
260 _aLondon
_bEdward Arnold
_c1992
300 _avii, 112p. ill.
350 _a0.00
650 0 _aELECTRONICS
650 0 _aELECTRIC CIRCUITS
650 _aELECTRONICS--TABLES
700 _aWatkins. A. J
995 _D0.00
_FCBU-MAIN LIBRARY (Kitwe)
_H1
_I0.00
_M1
_UAVAILABLE
_WApr 16, 2009
_ZMain Library Open Access Collection
999 _c41471
_d41471